Normal view
MARC view
- Iqbal, Hafsa
Entry Personal Name
001 - CONTROL NUMBER
- control field: 17299
003 - CONTROL NUMBER IDENTIFIER
- control field: NUST
005 - DATE AND TIME OF LATEST TRANSACTION
- control field: 20190710100043.0
008 - FIXED-LENGTH DATA ELEMENTS
- fixed length control field: 190710|| aca||aabn | a|a d
040 ## - CATALOGING SOURCE
- Original cataloging agency: NUST
- Transcribing agency: NUST
100 ## - HEADING--PERSONAL NAME
- Personal name: Iqbal, Hafsa
670 ## - SOURCE DATA FOUND
- Source citation: Work cat.: (NUST): Iqbal, Hafsa, Efficient PAPR Reduction Technique in OFDM and Implementation on SDR /, 2018.
